000 01373nam0a2200361 4500
001 RU\NLR\bibl\1658250
005 20250616040121.0
010 _a978-5-386-02283-9
_95000
021 _aRU
_b2010-47308
_93141
035 _a(nilc)RSL-KNO-004698410
035 _a(NLR Aleph) 001649548
090 _a912993
_c912993
100 _a20100628d2010 |||y0rusy50 ca
101 1 _arus
_ceng
102 _aRU
105 _ay |||||||||
200 1 _aДетские вопросы - взрослые ответы
_eкак и что отвечать на детские вопросы
_fЭмма Кук
_g[пер. с англ. А.А. Давыдовой]
210 _aМосква
_cРИПОЛ классик
_d2010
215 _a221, [1] с.
_d21
300 _aЗагл. и авт. ориг.: Ask your father / Emma Cook
454 0 _12001#$aAsk your father$fEmma Cook
_1700#1$aCook$bE.$gEmma$4070
_tAsk your father
_aCook, Emma
606 1 _aДети и родители
_xОбщение
_92612213
_3RU\NLR\auth\661548771
610 0 _aПсихология -- Детская психология
686 _aЮ98,0
_2rubbk
686 _aС550.325
686 _aЮ984.92
700 1 _aКук
_bЭ.
_gЭмма
_4070
801 0 _aRU
_bРГБ
_c20100628
_grcr
801 1 _aRU
_bРГБ
_c20100628
801 2 _aRU
_bNLR
_c20100726
_grcr
942 _cBOOK
980 _aNB